Letanovský mlynček

Bibliographic Details
Other Authors: Kubičárová, Anna (slo)
Format: Journal
Language:Slovak
PhysicalDescription:5 zv. 21 cm
Published: Letanovce Obecný úrad, Slovenského raja, Letanovce 2006-2010
Subjects:

MARC

LEADER 00000cas a2200000 a 4500
001 vtls009184250
003 SK-MaSNL
005 20260228161125.0
008 080214d20062010xo zr|p 0 b0slo
040 |a SNK  |b slo  |c SNK  |e AACR2 
041 0 |a slo 
043 |a e-xo--- 
044 |a xo  |c SK 
072 7 |a 352/354  |x Stupne miestnej, oblastnej a ústrednej správy  |2 konspekt 
072 7 |a 394  |x Verejný a spoločenský život. Každodenný život  |2 konspekt 
072 7 |a 316.7  |x Sociológia kultúry. Kultúrny život  |2 konspekt 
080 |a 352  |2 2011 
080 |a 394  |2 2011 
080 |a 316.728  |2 2011 
080 |a 050  |2 2011 
080 |a (437.641)  |2 2011 
080 |a (051)+(054)  |2 2011 
245 0 0 |a Letanovský mlynček 
260 |a Letanovce  |b Obecný úrad, Slovenského raja, Letanovce  |c 2006-2010 
300 |a 5 zv.  |c 21 cm 
310 |a Nepravidelne 
362 0 |a Roč. I, č. 1 (máj 2006)-roč. V, č. 1 (marec 2010)  |z BA001/2014 
500 |a Podnázov v tiráži: dvojmesačník o dianí v obci Letanovce 
500 |a Reg. číslo: RP 200/2005 
500 |a Zodp. red.: 1/2006-1/2010, Anna Kubičárová 
515 |a V r. 2018 č. 3 označené sko č. 2 
650 0 7 |a miestna správa  |2 SNKPH  |9 29496 
650 0 7 |a spoločenský život  |2 SNKPH  |9 28654 
651 7 |a Letanovce (Slovensko)  |2 SNKPHgeo  |9 43925 
655 7 |a miestne periodiká  |2 SNKPH  |9 160938 
700 1 |a Kubičárová, Anna  |4 slo  |9 268026 
710 1 |a Letanovce (Slovensko).  |b Obecný úrad  |4 pbl 
910 |a snk 
999 |c 4399  |d 6329 
952 |0 0  |1 0  |3 Spoločne zviazané r. 2006-2010  |4 0  |7 0  |8 0  |a SNK  |b SNK  |d 2020-03-04  |i snk2020/5567  |l 0  |o snkČSC 4081/1/2006  |p 17A1386428  |r 2026-02-21 22:30:12  |t č. 1-5, neúplné  |w 2026-02-21  |y PREZ  |z Chýba č. 2,3. ; Spoločne zviazané r. 2006-2010 
952 |0 0  |1 0  |3 Spoločne zviazané r. 2006-2010  |4 0  |7 0  |8 0  |a SNK  |b SNK  |d 2020-03-04  |i snk2020/5567  |l 0  |o snkČSC 4081/2/2007  |p 17A1386427  |r 2026-02-21 22:30:12  |t č. 1-3  |w 2026-02-21  |y PREZ  |z Spoločne zviazané r. 2006-2010 
952 |0 0  |1 0  |3 Spoločne zviazané r. 2006-2010  |4 0  |7 0  |8 0  |a SNK  |b SNK  |d 2020-03-04  |i snk2020/5567  |l 0  |o snkČSC 4081/3/2008  |p 17A1386426  |r 2026-02-21 22:30:12  |t č. 1-2[3]  |w 2026-02-21  |y PREZ  |z Č. 3 označené ako č. 2. ; Spoločne zviazané r. 2006-2010 
952 |0 0  |1 0  |3 Spoločne zviazané r. 2006-2010  |4 0  |7 0  |8 0  |a SNK  |b SNK  |d 2020-03-04  |i snk2020/5567  |l 0  |o snkČSC 4081/4/2009  |p 17A1386425  |r 2026-02-21 22:30:12  |t č. 1-3, neúplné  |w 2026-02-21  |y PREZ  |z Chýba č. 1. ; Spoločne zviazané r. 2006-2010 
952 |0 0  |1 0  |3 Spoločne zviazané r. 2006-2010  |4 0  |7 0  |8 0  |a SNK  |b SNK  |d 2020-03-04  |i snk2020/5567  |l 0  |o snkČSC 4081/5/2010  |p 17A1386424  |r 2026-02-21 22:30:12  |t č. 1  |w 2026-02-21  |y PREZ  |z Spoločne zviazané r. 2006-2010